000 00585cam a22002171 4500
001 sa 68008895
003 DLC
005 20260227112538.0
008 860310s1968 io 000 0 ind
010 _asa 68008895
035 _a(OCoLC)13276720
040 _aDLC
_cCU
_dMiU
_dDLC
042 _apremarc
043 _aa-io---
050 0 0 _aHC447
_b.H36
100 1 _aHata, Mohammad,
_d1902-
245 1 0 _aMasalah bantuan perkembangan ekonomi bagi Indonesia.
260 _a[Djakarta]
_bDjambatan,
_c[1968]
300 _av, 22 p.
_c21 cm.
650 0 _aEconomic assistance
_zIndonesia.
999 _c82626
_d82626